News around the world (Record no. 97584)
| 000 -LEADER | |
|---|---|
| fixed length control field | 00546nam a2200193Ia 4500 |
| 003 - CONTROL NUMBER IDENTIFIER | |
| control field | LDD |
| 008 - FIXED-LENGTH DATA ELEMENTS--GENERAL INFORMATION | |
| fixed length control field | 181029s9999 xx 000 0 und d |
| 020 ## - INTERNATIONAL STANDARD BOOK NUMBER | |
| International Standard Book Number | 9780415975056 |
| Terms of availability | P 80.00 |
| 040 ## - CATALOGING SOURCE | |
| Transcribing agency | LDD |
| 100 ## - MAIN ENTRY--PERSONAL NAME | |
| Personal name | Shoemaker, Pamela J. |
| 245 #0 - TITLE STATEMENT | |
| Title | News around the world |
| Statement of responsibility, etc. | Pamela J. Shoemaker |
| 260 ## - PUBLICATION, DISTRIBUTION, ETC. | |
| Place of publication, distribution, etc. | New York |
| Name of publisher, distributor, etc. | Routledge |
| Date of publication, distribution, etc. | 2006 |
| 300 ## - PHYSICAL DESCRIPTION | |
| Extent | x, 409p. |
| 365 ## - TRADE PRICE | |
| Price amount | P 80.00 |
| 901 ## - LOCAL DATA ELEMENT A, LDA (RLIN) | |
| a | 7555 |
| b | 09-09-2011 |
| 902 ## - LOCAL DATA ELEMENT B, LDB (RLIN) | |
| a | 6912 |
| b | 16-09-2011 |
| c | F |
| d | SELECT |
| e | FTF |
| 903 ## - LOCAL DATA ELEMENT C, LDC (RLIN) | |
| a | Discount-15 |
| b | Reqst by : K.S. Arul Selvan |
| 942 ## - ADDED ENTRY ELEMENTS (KOHA) | |
| Source of classification or shelving scheme | Dewey Decimal Classification |
| Koha item type | Books |
| Withdrawn status | Lost status | Source of classification or shelving scheme | Damaged status | Not for loan | Home library | Current library | Total Checkouts | Full call number | Barcode | Date last seen | Date last checked out | Cost, replacement price | Price effective from | Koha item type |
|---|---|---|---|---|---|---|---|---|---|---|---|---|---|---|
| No | Dewey Decimal Classification | Library and Documentation Division | Library and Documentation Division | 1 | 070.4 Sh73N | 080918 | 05/14/2019 | 02/07/2019 | 5996.00 | 11/01/2018 | Books |
